000 00964nam a2200253Ia 4500
003 OSt
005 20220923215429.0
006 a|||||r|||| 00| 0
007 ta
008 220922b |||||||| |||| 00| 0 hin d
024 _a178,659
037 _cTextual
040 _aARTS
_cARTS
_bhin
041 _2hin
_ahin
082 _aO152,1M86,34:g, M0
100 _aकुमार, वचनदेव; सिन्हा, रमेशप्रसाद
_9163839
245 0 _aसाकेत विचार और विश्लेषण
246 _aSāket vichār aur vishleṣhaṇa
260 _aइलाहाबाद
_b लोकभारती प्रकाशन
_c1980
300 _a138 पृ.
_ccm.
650 _aहिन्दी साहित्य
_9156264
942 _hO152,1M86,34:g, M0
_cTEXL
_2CC
999 _c332041
_d332041